[Event "CRO-ch U15"]
[Site "Trogir"]
[Date "2020.08.26"]
[Round "5"]
[White "Domovic, Ognjen"]
[Black "Dumancic, Simun"]
[Result "0-1"]
[WhiteElo "1643"]
[BlackElo "1918"]
[PlyCount "20"]
[EventDate "2020.08.24"]
[EventType "swiss"]
[EventRounds "9"]
[EventCountry "CRO"]
[SourceTitle "CBM 198 Extra"]
[Source "ChessBase"]
[SourceDate "2020.11.30"]
[SourceVersion "1"]
[SourceVersionDate "2020.11.30"]
[SourceQuality "1"]

1. e4 c5 2. Nc3 Nc6 3. Bb5 g6 4. Bxc6 dxc6 5. d3 Bg7 6. f4 e5 7. Nf3 exf4 8. Bxf4 h6 9. 0-0 Be6 10. Ne5 Qd4+ 0-1

[Event "CRO-chT U16 29th"]
[Site "Sesvete"]
[Date "2020.06.20"]
[Round "1.1"]
[White "Dumancic, Simun"]
[Black "Novosel, Lovro"]
[Result "1-0"]
[WhiteElo "1896"]
[BlackElo "1719"]
[PlyCount "103"]
[EventDate "2020.06.20"]
[EventType "team-tourn"]
[EventRounds "9"]
[EventCountry "CRO"]
[SourceTitle "EXT 2021"]
[Source "ChessBase"]
[SourceDate "2020.10.23"]
[SourceVersion "1"]
[SourceVersionDate "2020.10.23"]
[SourceQuality "1"]
[WhiteTeam "Sesvete Agroproteinka"]
[BlackTeam "Sveta Nedelja"]
[WhiteTeamCountry "CRO"]
[BlackTeamCountry "CRO"]

1. e4 g6 2. d4 Bg7 3. Nf3 c5 4. c3 Nf6 5. e5 Nd5 6. dxc5 Nc7 7. Bc4 0-0 8. 0-0 a5 9. Be3 Nc6 10. Bd4 Ne6 11. Bxe6 dxe6 12. Na3 Bd7 13. Re1 Qc7 14. Nb5 Qc8 15. a4 Rd8 16. Qe2 Nb8 17. Nd2 Bc6 18. Nc4 Nd7 19. Nb6 Nxb6 20. cxb6 Bxb5 21. Qxb5 Rd5 22. Qe2 Qc6 23. Qe3 Rad8 24. b3 h5 25. f4 Bh6 26. Rad1 Kh7 27. c4 R5d7 28. Rd3 Rg8 29. h4 f6 30. Red1 g5 31. fxg5 fxg5 32. Re1 gxh4 33. Qe4+ Qxe4 34. Rxe4 Rg4 35. Rxg4 hxg4 36. Kf2 Kg6 37. c5 Kf5 38. b4 Ke4 39. Ke2 h3 40. gxh3 gxh3 41. Rxh3 Rxd4 42. Rxh6 Rxb4 43. Rxe6 Rxa4 44. Rxe7 Ra2+ 45. Kd1 Kd5 46. Rxb7 Kxc5 47. Rb8 Kc6 48. e6 Ra1+ 49. Kd2 Ra2+ 50. Kd3 Ra3+ 51. Kd4 Kd6 52. Rd8+ 1-0

[Event "CRO-ch U15"]
[Site "Trogir"]
[Date "2019.06.22"]
[Round "9"]
[White "Dumancic, Simun"]
[Black "Domovic, Ognjen"]
[Result "1/2-1/2"]
[WhiteElo "1836"]
[BlackElo "1574"]
[PlyCount "49"]
[EventDate "2019.06.17"]
[EventType "swiss"]
[EventRounds "9"]
[EventCountry "CRO"]
[SourceTitle "EXT 2020"]
[Source "ChessBase"]
[SourceDate "2019.10.17"]
[SourceVersion "1"]
[SourceVersionDate "2019.10.17"]
[SourceQuality "1"]

1. e4 e5 2. Nc3 Bc5 3. Nf3 Nc6 4. Bc4 d6 5. h3 Nf6 6. 0-0 0-0 7. d3 h6 8. Na4 Nd7 9. a3 a6 10. Nxc5 Nxc5 11. Re1 Be6 12. Bd5 Ne7 13. Bxe6 Nxe6 14. d4 exd4 15. Nxd4 Nxd4 16. Qxd4 Nc6 17. Qc3 Re8 18. b3 Qe7 19. f4 f6 20. Bb2 Qf7 21. Rad1 Re7 22. Rd3 Rae8 23. Rde3 Kf8 24. Qd3 Qh5 25. Qc4 1/2-1/2

[Event "CRO-ch U13"]
[Site "Trogir"]
[Date "2018.06.19"]
[Round "6"]
[White "Dumancic, Simun"]
[Black "Domovic, Ognjen"]
[Result "0-1"]
[WhiteElo "1740"]
[BlackElo "1406"]
[PlyCount "76"]
[EventDate "2018.06.16"]
[EventType "swiss"]
[EventRounds "9"]
[EventCountry "CRO"]
[SourceTitle "EXT 2019"]
[Source "ChessBase"]
[SourceDate "2018.10.10"]
[SourceVersion "1"]
[SourceVersionDate "2018.10.10"]
[SourceQuality "1"]

1. e4 e5 2. Nc3 Nc6 3. Bc4 Nf6 4. d3 Bc5 5. Nf3 d6 6. h3 h6 7. 0-0 Be6 8. Bxe6 fxe6 9. Na4 Bb6 10. Nxb6 axb6 11. Re1 Qd7 12. b3 0-0-0 13. d4 exd4 14. Nxd4 g5 15. Bb2 Nxd4 16. Bxd4 e5 17. Bb2 h5 18. a4 g4 19. Qd3 gxh3 20. Qxh3 Qxh3 21. gxh3 Rhg8+ 22. Kh1 Rg6 23. a5 bxa5 24. Rxa5 Kd7 25. Raa1 Rdg8 26. Rad1 Ke6 27. Rd2 Nxe4 28. Rde2 d5 29. Bxe5 Kxe5 30. f3 Rg3 31. fxe4 Rxh3+ 32. Rh2 Rxh2+ 33. Kxh2 dxe4 34. Re3 Kf4 35. Rh3 e3 36. Rxh5 e2 37. Rh4+ Rg4 38. Rxg4+ Kxg4 0-1

[Event "CRO-ch U13"]
[Site "Trogir"]
[Date "2018.06.18"]
[Round "5"]
[White "Cvetkovic, Erik"]
[Black "Dumancic, Simun"]
[Result "0-1"]
[WhiteElo "1207"]
[BlackElo "1740"]
[PlyCount "60"]
[EventDate "2018.06.16"]
[EventType "swiss"]
[EventRounds "9"]
[EventCountry "CRO"]
[SourceTitle "EXT 2019"]
[Source "ChessBase"]
[SourceDate "2018.10.10"]
[SourceVersion "1"]
[SourceVersionDate "2018.10.10"]
[SourceQuality "1"]

1. e4 e5 2. Nf3 Nf6 3. Nxe5 d6 4. Nf3 Nxe4 5. Nc3 Nxc3 6. dxc3 Be7 7. Be3 0-0 8. Bd3 c6 9. Qd2 Be6 10. 0-0-0 d5 11. h4 Nd7 12. Rdg1 Bc5 13. Bd4 Bxd4 14. cxd4 Qf6 15. Kb1 Bf5 16. g4 Bxd3 17. Qxd3 Qg6 18. Qd2 Rfe8 19. h5 Qe4 20. Qc3 Rac8 21. g5 c5 22. dxc5 Rxc5 23. Qb3 Rec8 24. Rc1 b6 25. Rh4 Qe7 26. a3 Qe2 27. Rh2 Rb5 28. Qa4 Nc5 29. Qf4 Nd3 30. Qf5 Rxc2 0-1

[Event "CRO-ch U13"]
[Site "Trogir"]
[Date "2018.06.17"]
[Round "3"]
[White "Fiskus, David"]
[Black "Dumancic, Simun"]
[Result "0-1"]
[WhiteElo "1050"]
[BlackElo "1740"]
[PlyCount "80"]
[EventDate "2018.06.16"]
[EventType "swiss"]
[EventRounds "9"]
[EventCountry "CRO"]
[SourceTitle "EXT 2019"]
[Source "ChessBase"]
[SourceDate "2018.10.10"]
[SourceVersion "1"]
[SourceVersionDate "2018.10.10"]
[SourceQuality "1"]

1. e4 e5 2. Nf3 Nf6 3. Nc3 Nc6 4. Bb5 Bb4 5. d3 d6 6. Bxc6+ bxc6 7. Bd2 0-0 8. a3 Ba5 9. 0-0 h6 10. b4 Bb6 11. Rb1 a5 12. b5 cxb5 13. Nxb5 Nd7 14. d4 exd4 15. Nbxd4 Bb7 16. Re1 Re8 17. Nf5 Qf6 18. N3h4 Bxe4 19. Qg4 Bxf5 20. Nxf5 Ne5 21. Qh3 Kh7 22. Re4 g5 23. Kf1 Rh8 24. f4 g4 25. Qh5 Qg6 26. Qxg6+ Nxg6 27. Ne7 Rhe8 28. Rbe1 Nxe7 29. Rxe7 Rxe7 30. Rxe7 Kg7 31. f5 Kf6 32. Re2 h5 33. h3 gxh3 34. gxh3 Rg8 35. Re4 Rg1+ 36. Ke2 Rg2+ 37. Kd3 Rg3+ 38. Be3 Rxe3+ 39. Rxe3 Bxe3 40. Kxe3 Kxf5 0-1